| 000 | 01124nam a2200265Ia 4500 | ||
|---|---|---|---|
| 001 | 220.92-GRA do (11868) | ||
| 003 | IT-MiSPE | ||
| 008 | 171229s9999||||xx |||||||||||||| ||und|| | ||
| 040 |
_aIT-MiSPE _cIT-MiSPE |
||
| 041 | _aITALIANO | ||
| 100 | _aElena Bosetti | ||
| 245 | 0 | _aLe grandi donne della Bibbia | |
| 250 | _a1a ed. (v) | ||
| 260 |
_aCinisello B.mo _bSan Paolo _c1995 |
||
| 300 |
_a237 p. _c31 cm |
||
| 490 |
_aGrandi libri fotografici _v17 |
||
| 500 | _aDonna - Bibbia | ||
| 501 | _aEdizioni San Paolo srl - Piazza Soncino, 5 - 20092 CINISELLO BALSAMO (MI) (non commercial uses only) ® Copyright 2018 | ||
| 520 | _aAA.VV., Gianfranco Ravasi (intr.), Salvatore Fiume (tav.) | ||
| 700 | _aGianfranco Ravasi | ||
| 700 | _aSalvatore Fiume | ||
| 942 | _cBK | ||
| 957 | _71 | ||
| 999 |
_a7327 _bNO _g Copie: 1 _c338167 _d338167 |
||